| 000 | 00901cam a22003013a 4500 | ||
|---|---|---|---|
| 001 | 16408264 | ||
| 003 | LC | ||
| 005 | 20160229142327.0 | ||
| 008 | 950605s1995 nyu 000 1 eng d | ||
| 010 | _a 97813582 | ||
| 020 |
_a0446364460 (pbk.) : _c$6.50 |
||
| 035 | _a(OCoLC)ocm32594790 | ||
| 040 |
_aSVP _cSVP _dSLC _dOCL _dOCLCQ _dDLC |
||
| 050 |
_aPR 9199.3 _b.M873 1995 |
||
| 082 |
_aFIC _bM83t 1995 |
||
| 100 | 1 |
_aMorrell, David. _920122 |
|
| 245 | 1 | 4 |
_aThe totem / _cDavid Morrell. |
| 250 | _aWarner bks. ed. | ||
| 260 |
_aNew York : _bWarner Books, _cc1995. |
||
| 300 |
_a365 p. ; _c18 cm. |
||
| 650 |
_aHorror _xFiction _920946 |
||
| 651 | 0 |
_aWyoming _vFiction. _920947 |
|
| 655 | 7 |
_aHorror fiction. _2gsafd _93405 |
|
| 710 | 2 |
_aCopyright Paperback Collection (Library of Congress) _5DLC _9705 |
|
| 906 |
_a7 _bcbc _ccopycat _d2 _encip _f19 _gy-genrareb |
||
| 942 |
_2lcc _cBK |
||
| 999 |
_c11694 _d11694 |
||